| 000 | 01378nam0a22002291 4500 | ||
|---|---|---|---|
| 001 | rc\3550907 | ||
| 005 | 20250610020720.0 | ||
| 035 | _a(NLR Aleph) 007638081 | ||
| 090 |
_a6096114 _c6096114 |
||
| 100 | _a20130115d1973 |||y0rusy50 ca | ||
| 101 | 0 | _arus | |
| 102 | _aRU | ||
| 105 | _aa z ||||| | ||
| 200 | 1 |
_aТезисы докладов _fМ-во просвещения СССР. М-во высш. и сред. спец. образования УзССР. Ташк. гос. пед. ин-т иностр. яз. им. Ф. Энгельса. Всесоюз. семинар по вопросам методики преподавания новых дисциплин "Теория и практика пер.", "Сравнит. типология родного и изучаемого яз.", "Интерпретация текста" на фак. иностр. яз. пединститутов. 24-26 окт. 1973 г. |
|
| 210 |
_aТашкент _cБ. и. _d1973 |
||
| 215 |
_a255 с. _cчерт. _d22 |
||
| 710 | 1 | 2 | _aВсесоюзный семинар по вопросам методики преподавания новых дисциплин на факультетах иностранных языков пединститутов (1973; Ташкент) |
| 801 | 0 |
_aRU _bNLR _gpsbo |
|
| 801 | 1 |
_aRU _bELAR _2rusmarc |
|
| 852 |
_aNLR _j73-5/4995 |
||
| 942 | _cBOOK | ||
| 980 | _aNB | ||